Words in British soccer teams Quiz Stats

Quiz not verified by Sporcle

Challenge
Share
Tweet
Embed
Score 0/78 Timer 10:00
0 Plays Today
City / town Ending % Correct
ManchesterCity
100%
ManchesterUnited
100%
West HamUnited
99.2%
LeicesterCity
99.2%
West BromwichAlbion
98.9%
NorwichCity
98.9%
StokeCity
98.9%
NewcastleUnited
98.9%
AstonVilla
98.9%
Queen's ParkRangers
98.9%
HullCity
98.9%
LeedsUnited
98.9%
TottenhamHotspur
98.7%
SwanseaCity
98.7%
CardiffCity
98.7%
BlackburnRovers
98.4%
BirminghamCity
98.4%
SheffieldWednesday
98.4%
NottinghamForest
97.4%
SheffieldUnited
97.1%
BristolCity
96.8%
DerbyCounty
96.6%
IpswichTown
96%
BoltonWanderers
95.8%
CoventryCity
95.8%
WiganAthletic
95.5%
CharltonAthletic
95.3%
Brighton & HoveAlbion
93.1%
HuddersfieldTown
92.9%
SwindonTown
92.9%
WolverhamptonWanderers
92.6%
PeterboroughUnited
92.6%
YeovilTown
91.6%
TranmereRovers
90.2%
ShrewsburyTown
90.2%
CrawleyTown
90%
ExeterCity
89.7%
BradfordCity
89.7%
YorkCity
89.7%
City / town Ending % Correct
BristolRovers
89.7%
CarlisleUnited
89.4%
ColchesterUnited
89.2%
OxfordUnited
88.9%
TorquayUnited
88.9%
HartlepoolUnited
88.4%
DoncasterRovers
88.1%
LeytonOrient
87.9%
ScunthorpeUnited
87.3%
SouthendUnited
87.3%
PrestonNorth End
87.1%
NorthamptonTown
87.1%
GrimsbyTown
87.1%
CheltenhamTown
86.5%
AldershotTown
86.5%
OldhamAthletic
86.3%
RotherhamUnited
86.3%
LutonTown
86.3%
Milton KeynesDons
85.8%
FleetwoodTown
85.8%
CambridgeUnited
85.5%
WycombeWanderers
85%
MacclesfieldTown
84.7%
MansfieldTown
83.6%
HerefordUnited
83.4%
LincolnCity
83.4%
AccringtonStanley
82.1%
CreweAlexandra
80.7%
BurtonAlbion
79.9%
AlfretonTown
77.6%
TelfordUnited
76.5%
PlymouthArgyle
76.3%
BraintreeTown
74.7%
Forest GreenRovers
72%
EbbsfleetUnited
71%
StockportCounty
63.9%
NewportCounty
62.8%
KidderminsterHarriers
62.3%
NuneatonTown
52%

You're not logged in!

Compare scores with friends on all Sporcle quizzes.
Join for Free
OR
Log In

You Might Also Like...

Show Comments

Extras

Top Quizzes Today


Score Distribution

Your Account Isn't Verified!

In order to create a playlist on Sporcle, you need to verify the email address you used during registration. Go to your Sporcle Settings to finish the process.

Report this User

Report this user for behavior that violates our Community Guidelines.

Details: